Underdeveloped Countries Part 2 - Statistics

General Stats
  • This quiz has been taken 269 times
  • The average score is 12 of 14
Answer Stats
Hint Answer % Correct
Asia Afghanistan
93%
Asia Laos
93%
Asia Cambodia
92%
Asia Bangladesh
90%
Asia Bhutan
90%
Asia Nepal
90%
Asia Myanmar
89%
Oceania Tuvalu
89%
Asia Yemen
89%
Americas Haiti
88%
Oceania Kiribati
86%
Oceania Solomon Islands
85%
Asia North Korea
84%
Asia East Timor
81%
No matching quizzes found
Score Distribution
Percent of People with Each Score
Percentile by Number Answered
Your Score History
You have not taken this quiz